000 01655njm a2200313Ia 4500
001 40296
003 IT-RoPAU
005 20220918181111.0
008 131025s9999 xx 000 0 und d
040 _aIT-RoPAU
040 _cIT-RoPAU
041 _aITALIANO
999 _c99013
_d99013
999 _bn.d.
100 _aAA.VV.
_9794
100 _eAutore musica
_921090
100 _gCodice autore musica SPICS: 12000
_9796
245 _aConcerto di Natale-Canti popolari italiani e internazionali
250 _a1a ed.
260 _aROMA
260 _bEP - MUSICALI E DISCOGRAFICHE
_c1986 [1a Ed.:1986]
300 _aDISCO
300 _c39 minuti (Testo: pag.)
500 _aCanti di Natale
505 _aNenia di Gesù bambino (Piemonte) - Celeste tesoro (Sardegna) - Quanno nascette ninno (Campania) - Gloria in cielo (lauda. Cortona sec XIII) - A la notti di Natali (Sicilia) - Ninna nanna, ninna nonna (Puglie) - Lauda intorno al fanciullin Gesù (Anonimo sec XIV) - Ninna nanne a Natale (Abruzzo) - Oggi è nato in una stalla (Trentino) - Medley: E' nato un bimbo (Danimarca) - L'abetino (Russia) - L'abete di Natale (Germania) - Voliamo pastorelli (Messico) - Il primo Natale (Inghilterra) - Jingle Bells (Usa) - Dormi bambin Gesù (Polonia) - E' Natale di gioia (Africa) - Scende dal ciel (Austria) - Piccola ninna nanna (Spagna) - O piccola Betlemme (Usa) - Oggi è nato (Francia) - Bianco Natale (Usa)
650 _aCANTI DI NATALE [DISCHI]
_eCodice MATERIA SPICS: 9950
_921091
700 _aDell'Orso Giacomo
_eAutore
_gCodice autore SPICS: 1295
_921092
700 _aDell'Orso Giacomo
_gCodice interprete SPICS: 1295
_eInterprete
_921093
942 _cMD
_2ddc